[Event "Napoli Province-ch"]
[Site "Napoli"]
[Date "2016.03.25"]
[Round "4"]
[White "Mauro, Lucio"]
[Black "De Rosa, Francesco"]
[Result "0-1"]
[WhiteElo "1702"]
[BlackElo "1943"]
[PlyCount "104"]
[EventDate "2016.02.25"]
[EventType "swiss"]
[EventRounds "7"]
[EventCountry "ITA"]
[SourceTitle "EXT 2018"]
[Source "ChessBase"]
[SourceDate "2017.10.13"]
[SourceVersion "1"]
[SourceVersionDate "2017.10.13"]
[SourceQuality "1"]

1. e4 d6 2. d4 Nf6 3. Nc3 g6 4. Be2 Bg7 5. Nf3 c6 6. h3 b5 7. a3 a5 8. Be3 Bb7 9. b4 axb4 10. axb4 Rxa1 11. Qxa1 Na6 12. Qb1 0-0 13. 0-0 Nd7 14. Na2 Nc7 15. Qc1 Qa8 16. Nc3 Ne6 17. Rd1 Nf6 18. e5 Nd7 19. Bh6 d5 20. Bxg7 Kxg7 21. Qb2 Nb6 22. Ra1 Qb8 23. Nd1 Nf4 24. Bf1 Bc8 25. Qc1 Ne6 26. c3 Nc4 27. Ng5 Nxg5 28. Qxg5 f6 29. exf6+ exf6 30. Qc1 Re8 31. Ne3 Nxe3 32. fxe3 Qg3 33. Qd2 Bxh3 34. Qf2 Qxf2+ 35. Kxf2 Bd7 36. g3 Kf8 37. Bg2 Ke7 38. e4 dxe4 39. Bxe4 Kd6 40. Bf3 Re7 41. g4 Be6 42. Rc1 Bd5 43. Be2 Be4 44. Kg3 f5 45. g5 Kd5 46. Kf4 Ra7 47. Ke3 Ra2 48. c4+ Kd6 49. cxb5 cxb5 50. Bxb5 Ra3+ 51. Ke2 Rb3 52. Rh1 Bxh1 0-1

[Event "Napoli Moscarella Memorial"]
[Site "Napoli"]
[Date "2016.01.28"]
[Round "4"]
[White "Esposito, Rosario"]
[Black "De Rosa, Francesco"]
[Result "0-1"]
[WhiteElo "1808"]
[BlackElo "1943"]
[PlyCount "103"]
[EventDate "2016.01.07"]
[EventType "swiss"]
[EventRounds "6"]
[EventCountry "ITA"]
[SourceTitle "EXT 2018"]
[Source "ChessBase"]
[SourceDate "2017.10.13"]
[SourceVersion "1"]
[SourceVersionDate "2017.10.13"]
[SourceQuality "1"]

1. d4 Nf6 2. c4 e6 3. Nc3 c5 4. d5 exd5 5. cxd5 d6 6. e4 g6 7. f4 Bg7 8. Bb5+ Nfd7 9. a4 0-0 10. Nf3 a6 11. Bd3 Re8 12. 0-0 Qc7 13. f5 Nf6 14. Bg5 c4 15. Bc2 Qb6+ 16. Kh1 Nbd7 17. fxg6 hxg6 18. e5 dxe5 19. d6 Qc5 20. Bxf6 Nxf6 21. Ng5 Bg4 22. Qd2 Qd4 23. Qe1 Qxd6 24. Qh4 Bh5 25. Qxc4 Re7 26. Nce4 Nxe4 27. Nxf7 Qd4 28. Nxe5+ Qxc4 29. Nxc4 Nc5 30. Rae1 Rxe1 31. Rxe1 Rf8 32. b4 Bc3 33. Rb1 Bxb4 34. g4 Bxg4 35. Rxb4 Rf4 36. Bb1 Be6 37. Ba2 Nd3 38. Rxb7 Bd5+ 39. Kg1 Bxb7 40. Nd6+ Kg7 41. Nxb7 Rxa4 42. Bd5 Ra1+ 43. Kg2 Nf4+ 44. Kg3 Nxd5 45. Nc5 a5 46. h4 a4 47. Kg4 a3 48. h5 Nf6+ 49. Kg5 Rg1+ 50. Kh4 gxh5 51. Ne6+ Kh6 52. Nf4 0-1

[Event "Napoli Greco Memorial"]
[Site "Napoli"]
[Date "2015.04.09"]
[Round "1"]
[White "De Rosa, Francesco"]
[Black "Auletta, Pasquale"]
[Result "1-0"]
[WhiteElo "1938"]
[BlackElo "1604"]
[PlyCount "69"]
[EventDate "2015.04.09"]
[EventType "swiss"]
[EventRounds "6"]
[EventCountry "ITA"]
[SourceTitle "EXT 2017"]
[Source "ChessBase"]
[SourceDate "2016.10.25"]
[SourceVersion "1"]
[SourceVersionDate "2016.10.25"]
[SourceQuality "1"]

1. d4 Nf6 2. Nf3 e6 3. c4 b6 4. Nc3 Bb4 5. Bg5 Bb7 6. e3 0-0 7. Bd3 h6 8. Bh4 c5 9. 0-0 d5 10. cxd5 exd5 11. Ne5 Nc6 12. Bxf6 Qxf6 13. Nd7 Qd6 14. Nxf8 Kxf8 15. a3 cxd4 16. Nb5 Qc5 17. Rc1 Qe7 18. axb4 dxe3 19. fxe3 Qxe3+ 20. Kh1 Nxb4 21. Rf3 Qe5 22. Rc7 Re8 23. Rfxf7+ Kg8 24. Rxg7+ Qxg7 25. Rxg7+ Kxg7 26. Qg4+ Kf6 27. Qxb4 a5 28. Qf4+ Kg7 29. Qg4+ Kf6 30. Qg6+ Ke7 31. Qd6+ Kf7 32. Bg6+ Kg7 33. Qd7+ Kxg6 34. Qxe8+ Kf6 35. Nd4 1-0

[Event "Napoli Antica Scuola 3rd"]
[Site "Napoli"]
[Date "2014.12.04"]
[Round "1"]
[White "De Rosa, Francesco"]
[Black "Di Gennaro, Antonio"]
[Result "1-0"]
[WhiteElo "1919"]
[BlackElo "1668"]
[PlyCount "47"]
[EventDate "2014.12.04"]
[EventType "swiss"]
[EventRounds "6"]
[EventCountry "ITA"]
[SourceTitle "EXT 2017"]
[Source "ChessBase"]
[SourceDate "2016.10.25"]
[SourceVersion "1"]
[SourceVersionDate "2016.10.25"]
[SourceQuality "1"]

1. e4 c5 2. Nf3 d6 3. d4 cxd4 4. Qxd4 a6 5. c4 Nc6 6. Qe3 Nf6 7. h3 g6 8. Nc3 Bg7 9. Bd3 0-0 10. b3 e6 11. Bb2 Re8 12. Rd1 Qc7 13. 0-0 h6 14. Bb1 Rb8 15. Nd4 Nh5 16. Nxc6 bxc6 17. g4 Nf6 18. Qd4 Rd8 19. c5 d5 20. f4 Nxe4 21. Qxg7+ Kxg7 22. Nxd5+ Kf8 23. Nxc7 Rxd1 24. Rxd1 1-0

[Event "Napoli Antica Scuola 2nd"]
[Site "Napoli"]
[Date "2014.03.13"]
[Round "2"]
[White "De Rosa, Francesco"]
[Black "De Rosa, Mariagrazia"]
[Result "0-1"]
[WhiteElo "1917"]
[BlackElo "2054"]
[PlyCount "80"]
[EventDate "2014.03.06"]
[EventType "swiss"]
[EventRounds "7"]
[EventCountry "ITA"]
[SourceTitle "EXT 2015"]
[Source "ChessBase"]
[SourceDate "2014.11.20"]
[SourceVersion "1"]
[SourceVersionDate "2014.11.20"]
[SourceQuality "1"]

1. e4 c5 2. Nf3 d6 3. d4 cxd4 4. Nxd4 Nf6 5. Nc3 a6 6. Bg5 e6 7. f4 Be7 8. Qf3 Qc7 9. 0-0-0 Nbd7 10. g4 b5 11. a3 Rb8 12. Bxf6 Nxf6 13. g5 Nd7 14. Bh3 Nc5 15. Qe3 b4 16. axb4 Rxb4 17. f5 h6 18. f6 gxf6 19. gxh6 Bf8 20. Nf5 exf5 21. exf5+ Qe7 22. Qf3 Bxh6+ 23. Kb1 Bb7 24. Nd5 Qe5 25. Rhe1 Ne4 26. Qa3 Rd4 27. Rxd4 Nd2+ 28. Ka2 Bxd5+ 29. Rxd5 Qxe1 30. Qa4+ Ke7 31. Qc6 Qb1+ 32. Ka3 Qa1+ 33. Kb4 Qxb2+ 34. Ka5 Qa3+ 35. Kb6 Qb4+ 36. Kxa6 Qc4+ 37. Qxc4 Nxc4 38. Rd4 Ne5 39. Bg2 Be3 40. Rd3 Rxh2 0-1

[Event "Napoli Province-ch"]
[Site "Napoli"]
[Date "2012.12.20"]
[Round "6"]
[White "De Rosa, Francesco"]
[Black "Gallo, Thomas Renato"]
[Result "0-1"]
[WhiteElo "1933"]
[BlackElo "1893"]
[PlyCount "120"]
[EventDate "2012.11.22"]
[EventType "swiss"]
[EventRounds "7"]
[EventCountry "ITA"]
[SourceTitle "EXT 2014"]
[Source "ChessBase"]
[SourceDate "2013.11.20"]
[SourceVersion "1"]
[SourceVersionDate "2013.11.20"]
[SourceQuality "1"]

1. e4 e6 2. d4 d5 3. Nc3 Nf6 4. e5 Nfd7 5. f4 c5 6. Nf3 Nc6 7. Be3 Be7 8. a3 a6 9. Qd2 cxd4 10. Nxd4 Nxd4 11. Bxd4 f6 12. exf6 Nxf6 13. Be2 0-0 14. 0-0 Bd7 15. Qe3 Rc8 16. Bb6 Qe8 17. Rae1 Bd6 18. Bd4 Qg6 19. Qd3 Qh6 20. g3 Qh3 21. Qf3 Bc5 22. Bxc5 Rxc5 23. Bd3 Ng4 24. Qg2 Qh6 25. h3 Nf6 26. Re5 Ne8 27. Kh2 Nd6 28. Qf3 Nc4 29. Bxc4 Rxc4 30. Rf2 Qg6 31. Nxd5 Re8 32. Ne3 Bc6 33. Qg4 Qxg4 34. hxg4 Rd4 35. Ng2 Rd1 36. Re1 Rd4 37. g5 g6 38. Ne3 Re7 39. Ng4 Kg7 40. Ne5 Bd5 41. c3 Ra4 42. Kh3 h5 43. gxh6+ Kxh6 44. Rh2 Kg7 45. Kg4 Kf6 46. Rh6 Rg7 47. Re2 Bb3 48. Rd2 Re4 49. Rd8 Re1 50. Rf8+ Ke7 51. Rhh8 Ba4 52. Rb8 Kd6 53. Rhd8+ Kc7 54. Rbc8+ Kb6 55. Nc4+ Kb5 56. Nd6+ Kb6 57. b4 Rd1 58. c4 Rc7 59. c5+ Kc6 60. Rxc7+ Kxc7 0-1

[Event "Napoli Porreca Memorial 2nd"]
[Site "Napoli"]
[Date "2012.10.25"]
[Round "6"]
[White "De Rosa, Francesco"]
[Black "Rosato, Luciano"]
[Result "0-1"]
[WhiteElo "1933"]
[BlackElo "2229"]
[PlyCount "80"]
[EventDate "2012.09.20"]
[EventType "swiss"]
[EventRounds "7"]
[EventCountry "ITA"]
[SourceTitle "EXT 2014"]
[Source "ChessBase"]
[SourceDate "2013.11.20"]
[SourceVersion "1"]
[SourceVersionDate "2013.11.20"]
[SourceQuality "1"]

1. d4 d6 2. c4 e5 3. d5 f5 4. Nf3 Nf6 5. Nc3 Be7 6. g3 0-0 7. Bg2 c5 8. dxc6 bxc6 9. 0-0 Be6 10. Qa4 Ne4 11. Nxe4 fxe4 12. Ne1 d5 13. Bd2 Qd6 14. Nc2 Nd7 15. Bb4 c5 16. cxd5 Nb6 17. Qa5 Bg4 18. Ba3 Bxe2 19. Rfe1 Bf3 20. Ne3 Bxg2 21. Kxg2 Nxd5 22. Nxd5 Qxd5 23. Rad1 Qc6 24. Kg1 Rf7 25. Qc3 c4 26. Bxe7 Rxe7 27. Qe3 Rb8 28. Rd2 Rd7 29. Rxd7 Qxd7 30. Qxe4 Qd4 31. Qc6 h6 32. Qe6+ Kh8 33. Rxe5 Qxb2 34. Rc5 Rf8 35. Qe1 Qxa2 36. Ra5 Qb2 37. Rxa7 Qb6 38. Ra3 Qc6 39. h4 Re8 40. Qd1 c3 0-1

[Event "Napoli Porreca Cup 1st"]
[Site "Napoli"]
[Date "2011.11.10"]
[Round "7"]
[White "De Rosa, Francesco"]
[Black "Cosenza, Gianni"]
[Result "1/2-1/2"]
[WhiteElo "1968"]
[BlackElo "1952"]
[PlyCount "48"]
[EventDate "2011.09.22"]
[EventType "swiss"]
[EventRounds "7"]
[EventCountry "ITA"]
[SourceTitle "EXT 2018"]
[Source "ChessBase"]
[SourceDate "2017.10.13"]
[SourceVersion "1"]
[SourceVersionDate "2017.10.13"]
[SourceQuality "1"]

1. d4 d5 2. Nf3 Bf5 3. c4 e6 4. Nc3 c6 5. Bg5 Be7 6. Bxe7 Qxe7 7. g3 h6 8. Rc1 Nf6 9. cxd5 exd5 10. a3 0-0 11. Bg2 Re8 12. 0-0 Nbd7 13. Re1 Nb6 14. Ne5 Nfd7 15. e4 dxe4 16. Nxe4 Nxe5 17. Nc5 Qc7 18. dxe5 Rad8 19. Qb3 Be6 20. Nxe6 Rxe6 21. f4 Re7 22. e6 fxe6 23. Rxe6 Rxe6 24. Qxe6+ Qf7 1/2-1/2

[Event "Napoli Vomero Christmas 6th"]
[Site "Napoli"]
[Date "2010.11.26"]
[Round "4"]
[White "Franzese, Luigi"]
[Black "De Rosa, Francesco"]
[Result "1-0"]
[WhiteElo "1838"]
[BlackElo "1980"]
[PlyCount "127"]
[EventDate "2010.11.05"]
[EventType "swiss"]
[EventRounds "6"]
[EventCountry "ITA"]
[SourceTitle "EXT 2024"]
[Source "ChessBase"]
[SourceDate "2023.10.10"]
[SourceVersion "1"]
[SourceVersionDate "2023.10.10"]
[SourceQuality "1"]

1. e4 c5 2. Nf3 Nc6 3. d4 cxd4 4. Nxd4 Nf6 5. Nc3 e5 6. Ndb5 d6 7. Bg5 a6 8. Bxf6 gxf6 9. Na3 b5 10. Nd5 f5 11. Bd3 Be6 12. Qd2 Bxd5 13. exd5 Ne7 14. 0-0-0 e4 15. Be2 Bg7 16. Kb1 0-0 17. h4 Ng6 18. h5 Qf6 19. c3 Ne5 20. h6 Bh8 21. g3 Rfc8 22. Rh5 b4 23. cxb4 Ng6 24. Rhh1 Ne7 25. Bc4 Rc7 26. Rc1 Rb8 27. Rc2 Rcb7 28. b5 axb5 29. Bb3 Ra7 30. Qb4 Qe5 31. Rhc1 Kf8 32. Nxb5 Nxd5 33. Qxd6+ Qxd6 34. Nxd6 Ne7 35. Nxf5 Bf6 36. Nxe7 Rxe7 37. Rc8+ Rxc8 38. Rxc8+ Re8 39. Rxe8+ Kxe8 40. Bd5 Bd4 41. Bxe4 Bxf2 42. g4 Be3 43. Kc2 Kd7 44. Bxh7 Bxh6 45. Kd3 Kc6 46. Kc4 Bc1 47. b4 Ba3 48. Kb3 Bc1 49. a4 Bd2 50. Kc4 Kb6 51. Bg8 f6 52. Bf7 Be3 53. Be8 Bf2 54. Bd7 Be3 55. Kb3 Bd2 56. a5+ Kc7 57. Be8 Kb7 58. Ka4 Bc3 59. b5 Bd4 60. Bf7 Bc3 61. Bd5+ Ka7 62. b6+ Ka6 63. Bc4+ Kb7 64. Kb5 1-0

[Event "Napoli Vomero Christmas 6th"]
[Site "Napoli"]
[Date "2010.11.12"]
[Round "2"]
[White "Roviello, Francesco"]
[Black "De Rosa, Francesco"]
[Result "0-1"]
[WhiteElo "1614"]
[BlackElo "1980"]
[PlyCount "62"]
[EventDate "2010.11.05"]
[EventType "swiss"]
[EventRounds "6"]
[EventCountry "ITA"]
[SourceTitle "EXT 2024"]
[Source "ChessBase"]
[SourceDate "2023.10.10"]
[SourceVersion "1"]
[SourceVersionDate "2023.10.10"]
[SourceQuality "1"]

1. d4 d5 2. Bf4 c6 3. c3 Bf5 4. e3 Qb6 5. Qb3 Nf6 6. Nf3 Nbd7 7. Be2 e6 8. 0-0 c5 9. c4 h6 10. h3 Be7 11. Ne5 Qxb3 12. axb3 a6 13. Nd2 cxd4 14. exd4 Nxe5 15. Bxe5 0-0 16. Rac1 Rac8 17. Nf3 Nd7 18. Rfd1 Nxe5 19. dxe5 dxc4 20. Rd7 Bc5 21. Bxc4 b5 22. g4 Be4 23. Nd2 Bc6 24. Rd3 bxc4 25. Rdc3 Bb4 26. R3c2 Bxd2 27. Rxd2 cxb3 28. Ra1 Bd5 29. Rxa6 Rc1+ 30. Kh2 Rc2 31. Rd3 Bc4 0-1

[Event "Napoli Vomero Christmas 6th"]
[Site "Napoli"]
[Date "2010.11.05"]
[Round "1"]
[White "De Rosa, Francesco"]
[Black "Taurisano, Vincenzo"]
[Result "0-1"]
[WhiteElo "1980"]
[BlackElo "1781"]
[PlyCount "120"]
[EventDate "2010.11.05"]
[EventType "swiss"]
[EventRounds "6"]
[EventCountry "ITA"]
[SourceTitle "EXT 2024"]
[Source "ChessBase"]
[SourceDate "2023.10.10"]
[SourceVersion "1"]
[SourceVersionDate "2023.10.10"]
[SourceQuality "1"]

1. e4 c5 2. Nf3 d6 3. d4 cxd4 4. Nxd4 Nf6 5. Nc3 g6 6. Be3 Bg7 7. f3 0-0 8. Qd2 Nc6 9. Bc4 a5 10. a3 a4 11. 0-0-0 Qa5 12. Kb1 Bd7 13. g4 Nxd4 14. Bxd4 Bc6 15. Qe3 b5 16. Be2 Rfb8 17. Na2 Nd7 18. Bxg7 Kxg7 19. Nb4 Bb7 20. g5 Rc8 21. h4 Rc5 22. h5 Re5 23. hxg6 fxg6 24. f4 Rxe4 25. Rxh7+ Kxh7 26. Qh3+ Kg7 27. Qh6+ Kf7 28. Qh7+ Ke8 29. Qxg6+ Kd8 30. Bf3 Rxb4 31. Bxb7 Rb8 32. axb4 Qxb4 33. Qe4 Qxe4 34. Bxe4 Nc5 35. Bh7 Ne6 36. g6 Kd7 37. c3 Ng7 38. Rd4 Rf8 39. Kc2 e6 40. Kd3 d5 41. Ke3 Kd6 42. Rd1 Rf5 43. Bg8 Rh5 44. Rd2 Rh3+ 45. Ke2 Rh2+ 46. Kd3 Rxd2+ 47. Kxd2 Ke7 48. Kd3 Nf5 49. Bf7 Nd6 50. Kd4 Nc4 51. f5 exf5 52. Bxd5 Kf6 53. Bxc4 bxc4 54. g7 Kxg7 55. Kxc4 Kf6 56. Kd4 Ke6 57. Kd3 Kd5 58. Ke3 Kc4 59. Kf4 Kb3 60. Kxf5 Kxb2 0-1

[Event "Napoli Vomero Septembre 7th"]
[Site "Napoli"]
[Date "2010.10.08"]
[Round "5"]
[White "Franzese, Luigi"]
[Black "De Rosa, Francesco"]
[Result "1-0"]
[WhiteElo "1808"]
[BlackElo "1994"]
[PlyCount "67"]
[EventDate "2010.09.10"]
[EventType "swiss"]
[EventRounds "7"]
[EventCountry "ITA"]
[SourceTitle "EXT 2024"]
[Source "ChessBase"]
[SourceDate "2023.10.10"]
[SourceVersion "1"]
[SourceVersionDate "2023.10.10"]
[SourceQuality "1"]

1. e4 c5 2. Nf3 Nc6 3. d4 cxd4 4. Nxd4 g6 5. Be3 Bg7 6. Nc3 Nf6 7. f3 d6 8. Qd2 0-0 9. 0-0-0 Bd7 10. g4 Rb8 11. h4 Qa5 12. Nb3 Qc7 13. h5 Be6 14. hxg6 fxg6 15. Bh6 Rbc8 16. Bxg7 Kxg7 17. Qh6+ Kg8 18. g5 Nh5 19. Rxh5 gxh5 20. Qxe6+ Kg7 21. Qh6+ Kh8 22. Bh3 Ne5 23. Bxc8 Rxc8 24. Nd4 Qc5 25. Nf5 Rg8 26. Nxe7 Qe3+ 27. Kb1 Rg7 28. Nf5 Qxg5 29. Qxg7+ Qxg7 30. Nxg7 Kxg7 31. f4 Nf3 32. Rd3 Nh4 33. Rh3 Ng6 34. Nd5 1-0